Statistics for Largest Sharks In History

Click here to take the quiz!

General Stats

  • This quiz has been taken 319 times
  • The average score is 5 of 10

Answer Stats

LengthShark% Correct
10-37 ft.Great White Shark
96%
30-45 ft.Whale Shark
77%
40-100 ft.Megalodon
65%
10-25 ft.Tiger Shark
65%
20-40 ft.Basking Shark
52%
10-20 ft.Hammerhead Shark
49%
10-21 ft.Greenland Shark
24%
8-20 ft.Thresher Shark
18%
10-23 ft.Pacific Sleeper Shark
7%
8-18 ft.Bluntnose Sixgill Shark
5%

Score Distribution

Percentile by Number Answered

Percent of People with Each Score

Your Score History

You have not taken this quiz